Paco Candel i els altres : un retrat literari de la immigració a Catalunya / un retrat literari de la immigració a Catalunya /
MARC
| LEADER | 00000nam a22000004i 4500 | ||
|---|---|---|---|
| 001 | 28534 | ||
| 003 | AGDB | ||
| 005 | 20260324181525.0 | ||
| 008 | 240508e202403 spca 000 0dcat|c | ||
| 017 | |a B 6170-2024 |b Biblioteca de Catalunya | ||
| 020 | |a 9788410144415 | ||
| 040 | |a ES-BaBAB |b cat |e rda |c ES-BaBAB | ||
| 043 | |a e-sp--- |b e-spc-- |2 catmarc | ||
| 100 | 1 | |a Font i Agulló, Jordi, |e autor |9 71748 | |
| 245 | 1 | 0 | |a Paco Candel i els altres : |b un retrat literari de la immigració a Catalunya / |c textos: Jordi Font Agulló, Marc Andreu Acebal |
| 250 | |a Primera edició: |b març de 2024 | ||
| 264 | 1 | |a Barcelona : |b Memorial Democràtic de Catalunya ; |c 2024 | |
| 300 | |a 113 pàgines : |b il·lustracions en color ; |c 23 cm | ||
| 336 | |a text |b txt |2 rdacontent | ||
| 336 | |a imatge fixa |b sti |2 rdacontent | ||
| 337 | |a sense mediació |b n |2 rdamedia | ||
| 338 | |a volum |b nc |2 rdacarrier | ||
| 490 | 1 | |a Catàlegs del Memorial Democràtic ; |v 1 | |
| 585 | |a Catàleg de l'exposició celebrada al Museu d'Història de la Immigració de Catalunya del 21 de gener de 2023 al 30 de juny de 2023 | ||
| 600 | 1 | 7 | |a Candel, Francisco, |d 1925-2007 |2 lemac |9 71752 |
| 600 | 1 | 0 | |a Candel, Francisco, |d 1925-2007 |t Altres catalans |9 71754 |
| 600 | 1 | 0 | |a Candel, Francisco, |d 1925-2007 |x Exposicions |2 lemac |9 71753 |
| 651 | 7 | |a Catalunya |x Emigració i immigració |x Història |y S. XX. |2 lemac |9 71751 | |
| 655 | 7 | |a Catàlegs d'exposicions |2 thub |9 69807 | |
| 700 | 1 | |a Andreu, Marc, |e autor |9 66464 | |
| 710 | 2 | |a Museu d'Història de la Immigració de Catalunya, |e institució d'acollida |9 70435 | |
| 710 | 2 | |a Memorial Democràtic (Catalunya), |e entitat editora |9 52410 | |
| 908 | |a BAB |a CLR |a UB | ||
| 940 | |a BAB | ||
| 942 | |2 udc |c ARXIU |n 1 | ||
| 952 | |0 0 |1 0 |4 0 |6 BIB1182 |7 1 |9 97039 |a Arxiu |b Arxiu |d 2024-05-13 |l 0 |o Bib-1182 |p 28534 |r 2024-05-13 00:00:00 |w 2024-05-13 |y ARXIU | ||
| 999 | |c 128872 |d 128872 | ||